| Registos Bibliográficos associados ao registo de autoridade |
|
Etiqueta de registo: 00254nam 2200025 450 001 2284675 003 http://id.bnportugal.gov.pt/bib/catbnp/2284675 100 ## $a20260417d2025 k y0pory01030103ba 101 0# $aeng$dpor 102 ## $aPT 105 ## $aa m 000yy 106 ## $ar 200 1# $aConstrained multiobjective derivative-free optimization$fEverton José da Silva$gorient. Ana Luísa da Graça Batista Custódio 210 #9 $a[S.l.$cs.n.],$d2025 215 ## $aXXI, 153 p.$cil.$d30 cm 328 #1 $aTese dout. Mathematics, Nova School of Science & Technology, Universidade Nova de
Lisboa, 2025 700 #1 $aSilva,$bEverton José da$31996170 702 #1 $aCustódio,$bAna Luísa da Graça Batista$4727$31048800 801 #0 $aPT$bBN$gRPC 966 ## $lBN$mFGMON$x1 971 ## $cisantos$d20260417
|
|
|